00475nam a2200133Ia 4500082001200000100002400012245009600036260006300132300000700195504002600202650003300228650005800261700002200319 aRF.0005 aFadnavis, Mrunalini 0aSurvey of resettlement with alternative livelihood for PAPs of Gosikhurd irrigation project c2004bIndian Council of Social Science Research, New Delhi a73 aIncludes bibliography aGosikhurd Irrigation Project aRehabilitation, RuralzMaharashtrazBhandara District aDeshpande, Prachi